Statistics for SEN'S Greatest All-Australian Team of the AFL Era

Click here to take the quiz!

General Stats

  • This quiz has been taken 13 times
  • The average score is 13 of 26

Answer Stats

PositionTeamAnswer% Correct
CoachHawthorn/North MelbourneAlastair Clarkson
88%
INTRichmondDustin Martin
88%
MIDGeelong/Gold CoastGary Ablett Jnr
88%
FWDHawthorn/GeelongGary Ablett Snr
88%
FWDHawthorn/SydneyLance Franklin
88%
MIDWest Coast/CarltonChris Judd
75%
MID (captain)BrisbaneMichael Voss
75%
DEFPort Adelaide/EssendonGavin Wanganeen
63%
DEFHawthorn/BrisbaneLuke Hodge
63%
DEFCarltonStephen Silvagni
63%
FWDSt Kilda/SydneyTony Lockett
63%
FWDNorth MelbourneWayne Carey
63%
RUCKWest CoastDean Cox
50%
INTSydney/CarltonGreg Wiliams
50%
INTBrisbane/BulldogsJason Akermanis
50%
DEFGeelongMatthew Scarlett
50%
WINGBrisbaneSimon Black
50%
DEFAdelaideAndrew McLeod
38%
FWDCarlton/AdelaideEddie Betts
38%
INTGeelongCorey Enright
25%
DEFNorth MelbourneGlenn Archer
25%
FWDEssendonJames Hird
25%
WINGWest CoastPeter Matera
25%
INTBrisbaneSimon Madden
13%
INTWest CoastGlen Jakovich
0%
INTHawthornJason Dunstall
0%

Score Distribution

Percentile by Number Answered

Percent of People with Each Score

Your Score History

You have not taken this quiz